000 00662nam a2200205Ii 4500
003 JO-AjNU
008 230605s9999||||xx |||||||||||||| ||und||
040 _aJO-AjNU
_bara
_erda
_cJO-AjNU
041 _aara
050 1 4 _aLB41 .A28 1993
100 3 _aأبو مراد ، مفيد ,
_eauthor
_917886
245 0 0 _aالريادية في الثقافة و التربية : توسل البصفجة بلوغا إلى البدارة
250 _aط1
264 3 1 _aبيروت:دار الجيل،1993
300 _a191ص
336 _atext
_btxt
_2rdacontent
337 _aunmediated
_bn
_2rdamedia
338 _avolume
_bnc
_2rdacarrier
650 4 _aتعليم
_917887
999 _aA5618
_c9186
_d9186